Movies Quiz

Random Movies or Quote Quiz

What's Missing? (Holy Grail Scenes) Quiz Stats

 Plays Quiz Updated Nov 7, 2018

Score 0/12 Timer 03:00
2 Plays Today
Missing Item % Correct
Coconuts
92.2%
Killer Rabbit of Caerbannog
90.1%
God
89.7%
The Black Knight
87.2%
French Taunter
81%
A Herring
76.5%
The Holy Hand Grenade of Antioch
75.9%
Camelot
69.6%
Police Car
66.1%
Brave Sir Robin
59.2%
Tim the Enchanter
45.3%
Dingo/Zoot
31.4%

You're not logged in!

Compare scores with friends on all Sporcle quizzes.
OR
Log In

Show Comments

Extras

Top Quizzes Today


Score Distribution

Your Account Isn't Verified!

In order to create a playlist on Sporcle, you need to verify the email address you used during registration. Go to your Sporcle Settings to finish the process.

Report this User

Report this user for behavior that violates our Community Guidelines.

Details: